000 00550nam a2200205Ia 4500
005 20250508165049.0
008 008 250505s9999 xx 000 0 hin d
037 _aTextual
040 _aFEDL
_beng
_cFEDL
041 _ahin
_2hin
084 _a891.433, JAI
_qFEDL
100 _aJainendra Kumar Ed.
_9766819
245 0 _a23 Hindi kahanian
260 _aNew Delhi, India
_bSahitya Akademi
_c1992
300 _a265p.
365 _aINR
_b616.25
546 _aMACESE
942 _cTEXL
_h891.433, JAI
999 _c1392931
_d1392931